Statistics for 3rd grade math test

Click here to take the quiz!

General Stats

  • This quiz has been taken 384 times
  • The average score is 30 of 60

Answer Stats

HintAnswer% Correct
4x28
100%
2x510
97%
8x540
96%
10x660
89%
3x39
89%
10x00
87%
0x90
87%
6x16
83%
3x1133
80%
6x848
79%
8x432
76%
6x318
75%
12x896
75%
10x10100
73%
4x416
73%
12x560
72%
1x00
69%
9x327
68%
6x212
66%
8x756
65%
1x11
62%
5x315
61%
9x00
60%
4x728
60%
1x44
60%
2x714
57%
7x1177
57%
3x13
55%
9x763
48%
0x10
46%
8x972
46%
6x636
39%
7x749
39%
7x963
39%
2x612
38%
7x535
36%
10x110
35%
1x1010
35%
2x24
33%
8x00
32%
11x00
31%
6x742
28%
5x735
27%
11x666
27%
3x1236
26%
1x99
26%
7x1070
25%
5x1155
24%
10x11110
23%
1x1212
22%
2x918
21%
3x927
20%
12x224
19%
1x55
19%
3x00
18%
5x00
18%
3x824
18%
1x33
17%
12x9108
16%
11x10110
16%

Score Distribution

Percentile by Number Answered

Percent of People with Each Score

Your Score History

You have not taken this quiz